|
|
|
|
| LEADER |
01736nam a2200469 i 4500 |
| 001 |
001844856 |
| 003 |
CZ BrMZK |
| 005 |
20230324115006.0 |
| 007 |
ta |
| 008 |
230106t20222022gw f 000 e ger |
| 020 |
|
|
|a 978-3-8353-5218-6
|q (vázáno)
|
| 040 |
|
|
|a BOA001
|b cze
|e rda
|
| 072 |
|
7 |
|a 82-9
|x Literární kritika, věcná literatura a různé další žánry
|2 Konspekt
|9 11
|
| 080 |
|
|
|a 821(4)
|2 MRF
|
| 080 |
|
|
|a 82-95
|2 MRF
|
| 080 |
|
|
|a 82.0
|2 MRF
|
| 080 |
|
|
|a 82.09
|2 MRF
|
| 080 |
|
|
|a (0:82-4)
|2 MRF
|
| 100 |
1 |
|
|a Demetz, Peter,
|d 1922-2024
|7 jk01022197
|4 aut
|
| 245 |
1 |
0 |
|a Was wir wiederlesen wollen :
|b literarische Essays 1960-2010 /
|c Peter Demetz ; mit einem Vorwort herausgegeben von Meike G. Werner
|
| 264 |
|
1 |
|a Göttingen :
|b Wallstein Verlag,
|c [2022]
|
| 264 |
|
4 |
|c ©2022
|
| 300 |
|
|
|a 320 stran ;
|c 21 cm
|
| 336 |
|
|
|a text
|b txt
|2 rdacontent
|
| 337 |
|
|
|a bez média
|b n
|2 rdamedia
|
| 338 |
|
|
|a svazek
|b nc
|2 rdacarrier
|
| 600 |
1 |
7 |
|a Demetz, Peter,
|d 1922-
|7 jk01022197
|
| 650 |
0 |
7 |
|a evropská literatura
|7 ph120062
|2 czenas
|
| 650 |
0 |
7 |
|a literární kritika
|7 ph115157
|2 czenas
|
| 650 |
0 |
7 |
|a literární estetika
|7 ph122381
|2 czenas
|
| 650 |
0 |
7 |
|a literárněvědné rozbory
|7 ph138745
|2 czenas
|
| 650 |
0 |
9 |
|a European literature
|2 eczenas
|
| 650 |
0 |
9 |
|a literary criticism
|2 eczenas
|
| 650 |
0 |
9 |
|a aesthetics of literature
|2 eczenas
|
| 650 |
0 |
9 |
|a literary criticism and history
|2 eczenas
|
| 655 |
|
7 |
|a eseje
|7 fd132213
|2 czenas
|
| 655 |
|
9 |
|a essays
|2 eczenas
|
| 700 |
1 |
|
|a Werner, Meike,
|d 1957-
|7 utb2018999403
|4 wfw
|
| 910 |
|
|
|a BOA001
|b RK-0007.204
|
| 990 |
|
|
|a BK
|
| 991 |
|
|
|b 202303
|c NOV
|x 33
|
| 996 |
7 |
|
|b 261A008551
|c RK-0007.204
|l Rakouská knihovna/2.patro
|r ZHR
|n 5
|p dar
|h LW-st
|w 001910290
|u 000010
|a 0
|e BOA001
|j MZK50
|s A
|